=LDR 00000nam 2200000 4500 =001 INLIS000000000038902 =005 20130612144547 =008 ***********************************ind** =035 ##$$0010-061300000038902 =041 ##$$a ind =082 ##$$a 813 =090 ##$$a 813, Col p =100 ##$$a COCLHO, Paulo =245 ##$$a The pilgrimage=ziarah/Paulo coelhho;Alih bahasa,Eko indriantanti =260 ##$$a 2011 $b Jakarta =300 ##$$a 264 Hlm, 20 Cm =650 ##$$a FIKSI =850 ##$$a NBPNMAT =990 ##$$a 0001/BPAP-NTB/20142014 =990 ##$$a 0001/BPAP-NTB/20142015